000 00512nam a22001817a 4500
005 20251108173300.0
008 250721s2005 xx 000 0 ara d
020 _a9957_11_541_3
082 1 4 _a301.0722/حسن
100 1 _aالحسن، إحسان محمد
245 1 0 _aمناهج البحث الإجتماعي /
264 1 _aعمان :
_bدار وائل للنشر،
_c2005.
300 _a339ص
650 1 7 _aعلم الأبحاث
650 1 7 _aالأبحاث
942 _2ddc
_cBK
999 _c100271
_d100271